Loading...
| Beliefs | 2 | 4 | 1 | 1 | 65 | 47 | 88.00 | 5 | 6 | 0.00 | 0.00 |
| History - American | 1 | 3 | 0 | 0 | 45 | 64 | 81.25 | 4 | 4 | 0.00 | 0.00 |
| 1 | 3 | 1 | 2 | 40 | 61 | 100.50 | 2 | 4 | 0.00 | 0.00 | |
| Literature - British | 2 | 1 | 0 | 1 | 40 | 36 | 75.33 | 2 | 3 | 0.00 | 0.00 |
| Fine Arts - Auditory | 1 | 2 | 0 | 1 | 35 | 37 | 91.33 | 1 | 3 | 0.00 | 0.00 |
| Science - Biology | 1 | 2 | 0 | 0 | 35 | 60 | 96.67 | 1 | 3 | 0.00 | 0.00 |
| Social Science | 1 | 1 | 0 | 0 | 25 | 38 | 74.50 | 2 | 2 | 0.00 | 0.00 |
| Literature - European | 1 | 1 | 0 | 1 | 25 | 49 | 70.00 | 2 | 2 | 0.00 | 0.00 |
| Current Events | 1 | 1 | 0 | 0 | 25 | 45 | 67.00 | 2 | 2 | 0.00 | 0.00 |
| Science - Chemistry | 0 | 2 | 0 | 1 | 20 | 103 | 106.50 | 0 | 2 | 0.00 | 0.00 |
| History - World | 0 | 2 | 0 | 1 | 20 | 73 | 91.50 | 1 | 2 | 0.00 | 0.00 |
| Other Science: Math | 0 | 2 | 0 | 0 | 20 | 80 | 82.00 | 0 | 2 | 0.00 | 0.00 |
| Other Arts: Auditory | 0 | 2 | 1 | 0 | 15 | 76 | 90.50 | 2 | 2 | 0.00 | 0.00 |
| History - European | 1 | 1 | 2 | 1 | 15 | 66 | 97.50 | 2 | 2 | 0.00 | 0.00 |
| Science - Physics | 0 | 1 | 0 | 0 | 10 | 104 | 104.00 | 0 | 1 | 0.00 | 0.00 |
| Chemistry> | 0 | 1 | 0 | 0 | 10 | 90 | 90.00 | 1 | 1 | 0.00 | 0.00 |
| History - Other | 0 | 1 | 0 | 0 | 10 | 99 | 99.00 | 1 | 1 | 0.00 | 0.00 |
| Geography | 0 | 0 | 1 | 0 | -5 | 0.00 | 0 | 0 | 0.00 | 0.00 |